[Event "MPJ C16"]
[Site "?"]
[Date "2016.03.17"]
[Round "6.11"]
[White "Sulkowski, Andrzej"]
[Black "Kubiak, Jakub"]
[Result "1-0"]
[LiveChessVersion "1.4.8"]
[BlackElo "1911"]
[WhiteElo "1772"]

1. d4 {[%clk 1:30:52]} Nf6 {[%clk 1:30:50]} 2. c4 {[%clk 1:31:02]} g6
{[%clk 1:31:03]} 3. Nc3 {[%clk 1:31:09]} Bg7 {[%clk 1:31:14]} 4. e4
{[%clk 1:31:14]} d6 {[%clk 1:31:20]} 5. Be2 {[%clk 1:31:10]} O-O {[%clk 1:31:17]}
6. Bg5 {[%clk 1:31:04]} c5 {[%clk 1:29:13]} 7. d5 {[%clk 1:30:06]} h6
{[%clk 1:28:19]} 8. Be3 {[%clk 1:29:08]} e6 {[%clk 1:27:48]} 9. Nf3
{[%clk 1:26:45]} exd5 {[%clk 1:25:14]} 10. cxd5 {[%clk 1:26:43]} Re8
{[%clk 1:23:58]} 11. Nd2 {[%clk 1:26:20]} a6 {[%clk 1:19:32]} 12. a4
{[%clk 1:26:32]} Nh7 {[%clk 1:13:35]} 13. O-O {[%clk 1:21:56]} f5
{[%clk 1:05:38]} 14. Bd3 {[%clk 1:19:48]} Qf6 {[%clk 1:04:17]} 15. exf5
{[%clk 1:11:19]} gxf5 {[%clk 0:59:31]} 16. Qc2 {[%clk 1:10:30]} Ng5
{[%clk 0:51:12]} 17. Bf4 {[%clk 1:10:37]} Nf7 {[%clk 0:50:31]} 18. Nc4
{[%clk 1:07:24]} Ne5 {[%clk 0:44:43]} 19. Nb6 {[%clk 1:06:36]} Nxd3
{[%clk 0:43:48]} 20. Qxd3 {[%clk 1:06:57]} Ra7 {[%clk 0:42:19]} 21. Nxc8
{[%clk 1:06:59]} Rxc8 {[%clk 0:42:33]} 22. Rfe1 {[%clk 1:07:06]} Rd8
{[%clk 0:40:24]} 23. Re6 {[%clk 1:07:08]} Qf8 {[%clk 0:40:30]} 24. Qg3
{[%clk 1:07:29]} Nd7 {[%clk 0:39:00]} 25. Bxd6 {[%clk 1:02:50]} Qf7
{[%clk 0:37:35]} 26. Rae1 {[%clk 1:02:27]} Nf8 {[%clk 0:33:56]} 27. Re7
{[%clk 1:00:26]} Qg6 {[%clk 0:31:18]} 28. Bxc5 {[%clk 0:58:21]} Qxg3
{[%clk 0:28:41]} 29. hxg3 {[%clk 0:58:42]} Raa8 {[%clk 0:29:08]} 30. Rd1
{[%clk 0:54:13]} Nd7 {[%clk 0:29:01]} 31. Bd4 {[%clk 0:52:15]} Bf8
{[%clk 0:28:22]} 32. Re6 {[%clk 0:50:42]} Rac8 {[%clk 0:28:21]} 33. Be3
{[%clk 0:48:59]} Kh7 {[%clk 0:28:21]} 34. Rd4 {[%clk 0:43:46]} Nc5
{[%clk 0:27:22]} 35. Rb6 {[%clk 0:44:04]} Rd6 {[%clk 0:26:40]} 36. Rxd6
{[%clk 0:42:58]} Bxd6 {[%clk 0:25:57]} 37. Rh4 {[%clk 0:43:16]} Bf8
{[%clk 0:26:23]} 38. Rc4 {[%clk 0:43:33]} Rc7 {[%clk 0:26:18]} 39. Kf1
{[%clk 0:39:00]} Kg6 {[%clk 0:26:07]} 40. Bf4 {[%clk 1:08:08]} Rd7
{[%clk 0:56:15]} 41. d6 {[%clk 1:07:53]} Ne6 {[%clk 0:53:21]} 42. Rc7
{[%clk 1:07:34]} Rd8 {[%clk 0:52:01]} 43. Rxb7 {[%clk 1:01:11]} Nxf4
{[%clk 0:51:58]} 44. gxf4 {[%clk 1:01:34]} Rxd6 {[%clk 0:52:19]} 45. a5
{[%clk 0:59:00]} Kf6 {[%clk 0:49:28]} 46. Ke2 {[%clk 0:57:20]} Ke6
{[%clk 0:48:14]} 47. f3 {[%clk 0:55:14]} Be7 {[%clk 0:47:58]} 48. g4
{[%clk 0:51:53]} Bd8 {[%clk 0:45:55]} 49. b4 {[%clk 0:51:20]} Rc6
{[%clk 0:45:56]} 50. Kd3 {[%clk 0:51:18]} Rd6+ {[%clk 0:43:58]} 51. Ke3
{[%clk 0:51:30]} Rc6 {[%clk 0:44:12]} 52. Ne2 {[%clk 0:51:53]} Bf6
{[%clk 0:44:06]} 53. Rh7 {[%clk 0:41:55]} Rc4 {[%clk 0:43:03]} 54. Rxh6
{[%clk 0:41:46]} Kf7 {[%clk 0:43:28]} 55. g5 {[%clk 0:41:43]} Bg7
{[%clk 0:43:25]} 56. Rxa6 {[%clk 0:41:50]} Rxb4 {[%clk 0:43:45]} 57. Rb6
{[%clk 0:36:14]} Ra4 {[%clk 0:43:52]} 58. Rb5 {[%clk 0:36:24]} Kg6
{[%clk 0:44:08]} 59. Nc1 {[%clk 0:32:01]} Bd4+ {[%clk 0:44:01]} 60. Kd3
{[%clk 0:31:52]} Bf2 {[%clk 0:42:40]} 61. Ne2 {[%clk 0:25:05]} Ra3+
{[%clk 0:42:18]} 62. Kc4 {[%clk 0:25:26]} Rxf3 {[%clk 0:42:17]} 63. Rb3
{[%clk 0:25:39]} Rxb3 {[%clk 0:41:05]} 64. Kxb3 {[%clk 0:26:03]} Kh5
{[%clk 0:41:22]} 65. Kc4 {[%clk 0:26:19]} Kg6 {[%clk 0:41:16]} 66. Kd5
{[%clk 0:26:40]} Ba7 {[%clk 0:41:38]} 67. Kc6 {[%clk 0:27:00]} Be3
{[%clk 0:42:01]} 68. a6 {[%clk 0:27:24]} Kf7 {[%clk 0:42:22]} 69. Kb7
{[%clk 0:27:46]} Kg6 {[%clk 0:42:44]} 70. a7 {[%clk 0:28:10]} Bxa7
{[%clk 0:41:56]} 71. Kxa7 {[%clk 0:28:32]} 1-0

[Event "MPJ C16"]
[Site "?"]
[Date "2016.03.17"]
[Round "6.12"]
[White "Kus, Aleksander"]
[Black "Lukasiewicz, Krzysztof"]
[Result "1-0"]
[LiveChessVersion "1.4.8"]
[BlackElo "2114"]
[WhiteElo "1761"]

1. e4 {[%clk 1:30:59]} c6 {[%clk 1:30:16]} 2. d4 {[%clk 1:31:21]} d5
{[%clk 1:30:43]} 3. Nc3 {[%clk 1:31:29]} dxe4 {[%clk 1:31:08]} 4. Nxe4
{[%clk 1:31:53]} Nd7 {[%clk 1:31:36]} 5. Ng5 {[%clk 1:31:50]} Ngf6
{[%clk 1:31:59]} 6. Bd3 {[%clk 1:31:56]} e6 {[%clk 1:32:21]} 7. Qe2
{[%clk 1:31:55]} Bd6 {[%clk 1:32:45]} 8. N1f3 {[%clk 1:31:51]} h6
{[%clk 1:32:28]} 9. Ne4 {[%clk 1:32:04]} Nxe4 {[%clk 1:32:52]} 10. Qxe4
{[%clk 1:32:28]} Qc7 {[%clk 1:32:30]} 11. Qg4 {[%clk 1:30:53]} Kf8
{[%clk 1:32:50]} 12. O-O {[%clk 1:27:56]} b6 {[%clk 1:31:51]} 13. Qh4
{[%clk 1:18:30]} Kg8 {[%clk 1:26:58]} 14. Re1 {[%clk 1:04:54]} Bb7
{[%clk 1:23:21]} 15. Bd2 {[%clk 0:56:44]} Nf6 {[%clk 1:17:48]} 16. Ne5
{[%clk 0:50:11]} c5 {[%clk 1:11:35]} 17. Nc4 {[%clk 0:35:40]} cxd4
{[%clk 0:56:04]} 18. Nxd6 {[%clk 0:32:38]} Qxd6 {[%clk 0:56:15]} 19. Bf4
{[%clk 0:31:03]} Qd5 {[%clk 0:55:03]} 20. Qh3 {[%clk 0:31:10]} Rd8
{[%clk 0:49:13]} 21. Be5 {[%clk 0:28:07]} Qd7 {[%clk 0:48:31]} 22. Rad1
{[%clk 0:25:41]} Qa4 {[%clk 0:41:56]} 23. Qh4 {[%clk 0:22:44]} g5
{[%clk 0:29:08]} 24. Qh3 {[%clk 0:17:59]} Kg7 {[%clk 0:28:49]} 25. Qg3
{[%clk 0:14:18]} Rd5 {[%clk 0:24:43]} 26. h4 {[%clk 0:11:54]} Rxe5
{[%clk 0:23:01]} 27. Qxe5 {[%clk 0:11:58]} g4 {[%clk 0:22:28]} 28. Be4
{[%clk 0:08:15]} Bxe4 {[%clk 0:21:08]} 29. Rxe4 {[%clk 0:08:37]} Qxc2
{[%clk 0:20:37]} 30. Rdxd4 {[%clk 0:06:49]} Qc1+ {[%clk 0:16:57]} 31. Re1
{[%clk 0:06:21]} 1-0

[Event "MPJ C16"]
[Site "?"]
[Date "2016.03.17"]
[Round "6.13"]
[White "Domanski, Lukasz"]
[Black "Filewicz, Radoslaw"]
[Result "1-0"]
[LiveChessVersion "1.4.8"]
[BlackElo "1739"]
[WhiteElo "1994"]

1. e4 c5 2. Nf3 e6 3. c3 {[%clk 1:29:26]} a6 {[%clk 1:27:41]} 4. d4
{[%clk 1:25:26]} cxd4 {[%clk 1:27:18]} 5. cxd4 {[%clk 1:25:23]} d6
{[%clk 1:26:05]} 6. Bd3 {[%clk 1:23:23]} Nf6 {[%clk 1:23:49]} 7. O-O
{[%clk 1:17:58]} Be7 {[%clk 1:21:34]} 8. Qe2 {[%clk 1:11:18]} Nbd7
{[%clk 1:11:56]} 9. Nc3 {[%clk 1:07:48]} O-O {[%clk 1:03:47]} 10. e5
{[%clk 1:06:53]} dxe5 {[%clk 1:02:08]} 11. dxe5 {[%clk 1:06:46]} Ne8
{[%clk 1:01:40]} 12. Rd1 {[%clk 1:01:09]} Qc7 {[%clk 0:54:31]} 13. Bf4
{[%clk 1:00:08]} Nc5 {[%clk 0:41:19]} 14. Bc2 {[%clk 0:58:40]} b5
{[%clk 0:34:41]} 15. b4 {[%clk 0:55:46]} Nd7 {[%clk 0:33:29]} 16. Qe4
{[%clk 0:53:57]} g6 {[%clk 0:33:54]} 17. Qxa8 {[%clk 0:49:53]} Qxc3
{[%clk 0:28:09]} 18. Rac1 {[%clk 0:45:58]} Nc7 {[%clk 0:28:02]} 19. Qa7
{[%clk 0:43:27]} Qxb4 {[%clk 0:27:04]} 20. Bh6 {[%clk 0:40:34]} Nd5
{[%clk 0:23:26]} 21. Bxf8 {[%clk 0:38:54]} Bxf8 {[%clk 0:23:38]} 22. Bb3
{[%clk 0:31:10]} Nc3 {[%clk 0:23:23]} 23. Rxc3 {[%clk 0:30:57]} Qxc3
{[%clk 0:23:50]} 24. Rxd7 {[%clk 0:30:36]} Bxd7 {[%clk 0:20:15]} 25. Qxd7
{[%clk 0:30:23]} Qc1+ {[%clk 0:19:59]} 26. Qd1 {[%clk 0:30:34]} Qb2
{[%clk 0:20:10]} 27. h3 {[%clk 0:27:44]} Bc5 {[%clk 0:19:57]} 28. Qd8+
{[%clk 0:27:56]} Kg7 {[%clk 0:20:17]} 29. Qf6+ {[%clk 0:28:14]} Kg8
{[%clk 0:20:39]} 30. Ng5 {[%clk 0:27:31]} Bxf2+ {[%clk 0:20:32]} 31. Kh2
{[%clk 0:27:15]} 1-0

[Event "MPJ C16"]
[Site "?"]
[Date "2016.03.17"]
[Round "6.14"]
[White "Poplawski, Maciej"]
[Black "Belczewski, Jacek"]
[Result "0-1"]
[LiveChessVersion "1.4.8"]
[BlackElo "1945"]
[WhiteElo "1856"]

1. d4 {[%clk 1:30:51]} Nf6 {[%clk 1:30:34]} 2. Nf3 {[%clk 1:31:08]} e6
{[%clk 1:30:46]} 3. c3 {[%clk 1:30:38]} c5 {[%clk 1:30:29]} 4. e3
{[%clk 1:30:52]} b6 {[%clk 1:30:46]} 5. Bd3 {[%clk 1:31:16]} Bb7 {[%clk 1:31:07]}
6. Nbd2 {[%clk 1:31:10]} Be7 {[%clk 1:30:51]} 7. Qe2 {[%clk 1:28:36]} d6
{[%clk 1:26:49]} 8. O-O {[%clk 1:26:34]} Nbd7 {[%clk 1:26:12]} 9. e4
{[%clk 1:23:00]} cxd4 {[%clk 1:20:46]} 10. Nxd4 {[%clk 1:20:03]} O-O
{[%clk 1:20:10]} 11. f4 {[%clk 1:19:13]} Nc5 {[%clk 1:14:56]} 12. e5
{[%clk 1:14:45]} Nxd3 {[%clk 1:14:30]} 13. Qxd3 {[%clk 1:12:59]} dxe5
{[%clk 1:07:22]} 14. fxe5 {[%clk 1:12:48]} Qd5 {[%clk 1:07:47]} 15. Qg3
{[%clk 1:10:14]} Ne4 {[%clk 1:01:46]} 16. Nxe4 {[%clk 1:06:27]} Qxe4
{[%clk 1:01:33]} 17. Re1 {[%clk 0:56:06]} Qg6 {[%clk 0:55:29]} 18. Qxg6
{[%clk 0:53:55]} hxg6 {[%clk 0:55:26]} 19. Be3 {[%clk 0:54:11]} Rfd8
{[%clk 0:54:41]} 20. Rad1 {[%clk 0:53:30]} Rd5 {[%clk 0:54:52]} 21. Bf2
{[%clk 0:53:43]} Rad8 {[%clk 0:52:11]} 22. Rd3 {[%clk 0:52:30]} Bc5
{[%clk 0:46:40]} 23. Rd2 {[%clk 0:43:39]} b5 {[%clk 0:39:20]} 24. b4
{[%clk 0:40:57]} Bb6 {[%clk 0:39:27]} 25. Rde2 {[%clk 0:40:38]} Rc8
{[%clk 0:39:22]} 26. Nf3 {[%clk 0:38:37]} Bxf2+ {[%clk 0:38:28]} 27. Kxf2
{[%clk 0:38:11]} Rxc3 {[%clk 0:38:54]} 28. Re3 {[%clk 0:38:09]} Rc4
{[%clk 0:34:51]} 29. a3 {[%clk 0:37:53]} Kf8 {[%clk 0:34:14]} 30. Ke2
{[%clk 0:37:43]} Rc2+ {[%clk 0:34:23]} 31. Kf1 {[%clk 0:38:06]} Ke7
{[%clk 0:33:08]} 32. R1e2 {[%clk 0:38:26]} Rd1+ {[%clk 0:33:08]} 33. Kf2
{[%clk 0:38:49]} Rxe2+ {[%clk 0:33:09]} 34. Kxe2 {[%clk 0:39:09]} Bxf3+
{[%clk 0:33:24]} 35. Rxf3 {[%clk 0:39:03]} Rd5 {[%clk 0:33:21]} 36. Re3
{[%clk 0:39:26]} Kd7 {[%clk 0:33:08]} 37. Kf3 {[%clk 0:39:12]} Rd4
{[%clk 0:33:23]} 38. Rc3 {[%clk 0:39:26]} Rd2 {[%clk 0:27:56]} 39. h4
{[%clk 0:38:41]} Rd4 {[%clk 0:27:23]} 40. g3 {[%clk 1:08:49]} f6 {[%clk 0:56:59]}
41. Ke3 {[%clk 1:07:13]} Rg4 {[%clk 0:56:34]} 42. Kf3 {[%clk 1:07:36]} Rd4
{[%clk 0:51:39]} 43. Ke3 {[%clk 1:07:42]} Rd5 {[%clk 0:50:58]} 44. exf6
{[%clk 1:06:08]} gxf6 {[%clk 0:51:11]} 45. g4 {[%clk 1:06:12]} Rd1
{[%clk 0:46:14]} 46. h5 {[%clk 1:02:33]} gxh5 {[%clk 0:45:42]} 47. gxh5
{[%clk 1:03:01]} Rh1 {[%clk 0:45:50]} 48. Rc5 {[%clk 1:03:23]} a6
{[%clk 0:42:27]} 49. Kf4 {[%clk 1:03:42]} Kd6 {[%clk 0:40:07]} 50. Kg4
{[%clk 1:03:37]} Rg1+ {[%clk 0:39:07]} 51. Kf4 {[%clk 1:03:07]} f5
{[%clk 0:35:28]} 52. Rc8 {[%clk 1:02:22]} Rg4+ {[%clk 0:35:41]} 53. Kf3
{[%clk 1:02:48]} Rh4 {[%clk 0:35:54]} 54. Rh8 {[%clk 1:03:06]} Ke5
{[%clk 0:33:23]} 55. h6 {[%clk 1:00:45]} Rg4 {[%clk 0:22:54]} 56. Rf8
{[%clk 0:59:00]} Rh4 {[%clk 0:22:07]} 57. Rh8 {[%clk 0:59:20]} Rh5
{[%clk 0:12:06]} 58. h7 {[%clk 0:59:15]} Kf6 {[%clk 0:03:58]} 59. Kg3
{[%clk 0:56:45]} Ke5 {[%clk 0:03:26]} 60. Kf3 {[%clk 0:57:07]} Rh6
{[%clk 0:03:43]} 61. Kg3 {[%clk 0:56:21]} Rg6+ {[%clk 0:03:46]} 62. Kf3
{[%clk 0:56:47]} Rg7 {[%clk 0:03:52]} 63. Ke3 {[%clk 0:56:56]} f4+
{[%clk 0:03:48]} 64. Kf3 {[%clk 0:57:16]} Rf7 {[%clk 0:03:30]} 65. Ke2
{[%clk 0:56:39]} Kf5 {[%clk 0:03:09]} 66. Kf2 {[%clk 0:56:43]} e5
{[%clk 0:01:31]} 67. Kf3 {[%clk 0:56:10]} e4+ {[%clk 0:01:19]} 68. Kf2
{[%clk 0:55:35]} f3 {[%clk 0:00:42]} 69. Kf1 {[%clk 0:51:54]} Kf4
{[%clk 0:00:55]} 70. Kf2 {[%clk 0:51:15]} e3+ {[%clk 0:01:22]} 71. Ke1
{[%clk 0:50:26]} Rg7 {[%clk 0:00:34]} 72. Rf8+ {[%clk 0:49:40]} Ke4
{[%clk 0:00:55]} 73. Re8+ {[%clk 0:48:53]} Kd3 {[%clk 0:01:13]} 74. Rd8+ Kc2
{[%clk 0:00:57]} 0-1

[Event "MPJ C16"]
[Site "?"]
[Date "2016.03.17"]
[Round "6.15"]
[White "Slomczewski, Michal"]
[Black "Sernecki, Franciszek"]
[Result "1-0"]
[LiveChessVersion "1.4.8"]
[BlackElo "1884"]
[WhiteElo "1887"]

1. d4 d5 2. Nf3 e6 3. g3 c5 4. Bg2 Nc6 5. O-O Nf6 6. c4 Be7 7. cxd5 exd5 8. Nc3
O-O 9. Bg5 c4 10. Ne5 Be6 11. Be3 Re8 12. b3 cxb3 13. axb3 Rc8 14. Qd2 Bb4 15.
Rfc1 Bf5 16. Nd3 Bxc3 17. Rxc3 Ng4 18. Nf4 Nf6 19. Rac1 Ne4 20. Bxe4 Bxe4 21. Rc5
g5 22. Nd3 Bxd3 23. Qxd3 h6 24. Qb5 Re7 25. Rxd5 Qe8 26. Rc3 a6 27. Qb6 Kg7 28.
Rdc5 Rd8 29. d5 Ne5 30. d6 Re6 31. Rd5 Kh7 32. Qd4 Nc6 33. Qd3+ Kg8 34. d7 Qf8
35. Qd2 Nb4 36. Rd4 Nc6 37. Rdd3 1-0

[Event "MPJ C16"]
[Site "?"]
[Date "2016.03.17"]
[Round "6.16"]
[White "Jakubowski, Wojciech"]
[Black "Brozyna, Mateusz"]
[Result "0-1"]
[LiveChessVersion "1.4.8"]
[BlackElo "1763"]
[WhiteElo "1612"]

1. e4 {[%clk 1:30:58]} e6 {[%clk 1:30:45]} 2. d4 {[%clk 1:31:21]} d5
{[%clk 1:31:10]} 3. exd5 {[%clk 1:31:30]} exd5 {[%clk 1:31:32]} 4. Bd3
{[%clk 1:31:49]} Bd6 {[%clk 1:31:42]} 5. Nf3 {[%clk 1:32:03]} Ne7
{[%clk 1:31:40]} 6. O-O {[%clk 1:32:05]} Nbc6 {[%clk 1:31:18]} 7. c3
{[%clk 1:31:54]} Bg4 {[%clk 1:30:50]} 8. Nbd2 {[%clk 1:31:41]} Qd7
{[%clk 1:31:06]} 9. b4 {[%clk 1:31:42]} Ng6 {[%clk 1:13:47]} 10. Nb3
{[%clk 1:30:11]} O-O {[%clk 1:07:49]} 11. b5 {[%clk 1:13:06]} Nce7
{[%clk 1:06:34]} 12. Nc5 {[%clk 1:09:11]} Qc8 {[%clk 1:00:50]} 13. Be2
{[%clk 1:06:08]} b6 {[%clk 0:54:34]} 14. Nd3 {[%clk 1:01:51]} f6 {[%clk 0:54:27]}
15. Nd2 {[%clk 0:54:50]} Be6 {[%clk 0:39:28]} 16. Bb2 {[%clk 0:48:43]} Qd7
{[%clk 0:39:20]} 17. a4 {[%clk 0:46:06]} Rae8 {[%clk 0:38:21]} 18. Rc1
{[%clk 0:44:34]} c5 {[%clk 0:34:01]} 19. dxc5 {[%clk 0:43:49]} bxc5
{[%clk 0:34:18]} 20. c4 {[%clk 0:44:02]} d4 {[%clk 0:34:20]} 21. Ne4
{[%clk 0:43:47]} Qc7 {[%clk 0:24:45]} 22. Nxd6 {[%clk 0:43:51]} Qxd6
{[%clk 0:25:07]} 23. Ba3 {[%clk 0:36:09]} Rc8 {[%clk 0:24:53]} 24. f4
{[%clk 0:36:07]} Nf5 {[%clk 0:25:04]} 25. Bg4 {[%clk 0:32:31]} Ne3
{[%clk 0:19:35]} 26. Bxe6+ {[%clk 0:32:53]} Qxe6 {[%clk 0:20:00]} 27. Qe2
{[%clk 0:32:08]} Qd6 {[%clk 0:19:25]} 28. Rf2 {[%clk 0:30:08]} Rfe8
{[%clk 0:19:34]} 29. Qf3 {[%clk 0:29:52]} Nf8 {[%clk 0:18:30]} 30. Qb7
{[%clk 0:25:00]} Rc7 {[%clk 0:15:52]} 31. Qa6 {[%clk 0:25:19]} Qe7
{[%clk 0:14:25]} 32. b6 {[%clk 0:25:28]} axb6 {[%clk 0:14:01]} 33. Qxb6
{[%clk 0:25:31]} Rec8 {[%clk 0:14:20]} 34. Rb1 {[%clk 0:24:20]} Nd7
{[%clk 0:11:37]} 35. Qa6 {[%clk 0:22:55]} Qe4 {[%clk 0:09:24]} 36. Rb3
{[%clk 0:21:18]} Rc6 {[%clk 0:07:14]} 37. Qa7 {[%clk 0:20:30]} R8c7
{[%clk 0:06:37]} 38. Qa8+ {[%clk 0:20:40]} Rc8 {[%clk 0:06:11]} 39. Qb7
{[%clk 0:20:11]} R8c7 {[%clk 0:04:17]} 40. Qa8+ {[%clk 0:50:34]} Kf7
{[%clk 0:34:24]} 41. Nxc5 {[%clk 0:49:45]} Nxc5 {[%clk 0:30:05]} 42. Bxc5
{[%clk 0:50:07]} f5 {[%clk 0:23:07]} 43. Qf8+ {[%clk 0:45:59]} Kg6
{[%clk 0:23:32]} 44. Bd6 {[%clk 0:45:43]} Rxc4 {[%clk 0:23:32]} 45. h3
{[%clk 0:46:02]} Rf7 {[%clk 0:20:19]} 46. Qd8 {[%clk 0:45:37]} h6
{[%clk 0:19:43]} 47. Be5 {[%clk 0:45:53]} Rc1+ {[%clk 0:12:46]} 48. Kh2
{[%clk 0:46:16]} Rc2 {[%clk 0:11:58]} 49. Rxc2 {[%clk 0:45:06]} Qxc2
{[%clk 0:12:10]} 50. Rb6+ {[%clk 0:45:24]} Kh7 {[%clk 0:11:57]} 51. Rxh6+
{[%clk 0:45:40]} Kxh6 {[%clk 0:11:42]} 0-1

[Event "MPJ C16"]
[Site "?"]
[Date "2016.03.18"]
[Round "7.1"]
[White "Janik, Igor"]
[Black "Koziol, Kamil"]
[Result "1-0"]
[LiveChessVersion "1.4.8"]
[BlackElo "2258"]
[WhiteElo "2305"]

1. e4 {[%clk 1:30:59]} c5 {[%clk 1:30:37]} 2. Nf3 {[%clk 1:31:22]} Nc6
{[%clk 1:30:54]} 3. Bb5 {[%clk 1:31:30]} d6 {[%clk 1:30:56]} 4. O-O
{[%clk 1:31:07]} Nf6 {[%clk 1:30:08]} 5. Re1 {[%clk 1:30:36]} Bd7
{[%clk 1:30:11]} 6. c3 {[%clk 1:30:01]} a6 {[%clk 1:29:40]} 7. Ba4
{[%clk 1:29:23]} b5 {[%clk 1:23:40]} 8. Bc2 {[%clk 1:28:43]} Bg4 {[%clk 1:18:44]}
9. h3 {[%clk 1:28:05]} Bh5 {[%clk 1:17:43]} 10. g4 {[%clk 1:27:01]} Nxg4
{[%clk 1:00:04]} 11. hxg4 {[%clk 1:26:39]} Bxg4 {[%clk 0:58:04]} 12. d3
{[%clk 1:24:13]} Ne5 {[%clk 0:57:05]} 13. Nbd2 {[%clk 1:24:03]} Qc8
{[%clk 0:57:29]} 14. Re3 {[%clk 1:23:31]} Qe6 {[%clk 0:31:45]} 15. d4
{[%clk 1:16:39]} Qg6 {[%clk 0:27:47]} 16. Kf1 {[%clk 1:16:26]} Bh3+
{[%clk 0:23:50]} 17. Ke1 {[%clk 1:12:12]} Ng4 {[%clk 0:23:15]} 18. Qe2
{[%clk 1:08:51]} Nxe3 {[%clk 0:20:31]} 19. Qxe3 {[%clk 1:09:12]} e6
{[%clk 0:18:04]} 20. a4 {[%clk 1:07:37]} b4 {[%clk 0:14:56]} 21. Bd3
{[%clk 1:03:13]} Qh5 {[%clk 0:13:59]} 22. dxc5 {[%clk 0:56:22]} dxc5
{[%clk 0:11:50]} 23. cxb4 {[%clk 0:55:59]} Be7 {[%clk 0:10:38]} 24. bxc5
{[%clk 0:52:29]} Bxc5 {[%clk 0:09:52]} 25. Qg5 {[%clk 0:50:55]} Qxg5
{[%clk 0:08:58]} 26. Nxg5 {[%clk 0:51:24]} Bg4 {[%clk 0:09:26]} 27. Be2
{[%clk 0:50:54]} Bxe2 {[%clk 0:09:30]} 28. Kxe2 {[%clk 0:50:10]} Ke7
{[%clk 0:09:23]} 29. b3 {[%clk 0:47:25]} f6 {[%clk 0:08:28]} 30. Ngf3
{[%clk 0:47:47]} h5 {[%clk 0:07:49]} 31. Bb2 {[%clk 0:46:56]} Rab8
{[%clk 0:05:26]} 32. Rc1 {[%clk 0:46:11]} Rhc8 {[%clk 0:04:27]} 33. e5
{[%clk 0:45:06]} Bb4 {[%clk 0:04:18]} 34. Nc4 {[%clk 0:43:59]} a5
{[%clk 0:03:53]} 35. Rh1 {[%clk 0:42:56]} Rh8 {[%clk 0:03:16]} 36. Nd4
{[%clk 0:42:03]} Rbc8 {[%clk 0:02:36]} 37. Rg1 {[%clk 0:41:34]} Kf7
{[%clk 0:02:23]} 38. Nb5 {[%clk 0:41:44]} Rhd8 {[%clk 0:01:58]} 39. Bd4
{[%clk 0:40:35]} Rc6 {[%clk 0:01:02]} 40. Rh1 {[%clk 1:07:51]} Kg6
{[%clk 0:30:39]} 41. Rh3 {[%clk 1:06:34]} Ra8 {[%clk 0:18:38]} 42. Rg3+
{[%clk 1:06:19]} Kf7 {[%clk 0:18:18]} 43. exf6 {[%clk 1:06:43]} gxf6
{[%clk 0:17:05]} 44. Rf3 {[%clk 1:07:08]} Kg6 {[%clk 0:16:46]} 45. Rxf6+
{[%clk 1:06:17]} Kg5 {[%clk 0:16:03]} 46. f4+ {[%clk 1:06:30]} Kh4
{[%clk 0:16:24]} 47. Bf2+ {[%clk 1:06:55]} Kh3 {[%clk 0:16:37]} 48. Rh6
{[%clk 1:07:22]} Be7 {[%clk 0:15:22]} 49. Rxh5+ {[%clk 1:06:56]} Kg4
{[%clk 0:15:43]} 50. Rh7 {[%clk 1:07:20]} Bf6 {[%clk 0:15:48]} 51. Rf7
{[%clk 1:07:34]} Ba1 {[%clk 0:15:09]} 52. Bd4 {[%clk 1:06:47]} Bxd4
{[%clk 0:15:13]} 53. Nxd4 {[%clk 1:07:14]} Rc5 {[%clk 0:15:09]} 54. Ne5+
{[%clk 1:06:43]} Kh3 {[%clk 0:14:49]} 55. Rh7+ {[%clk 1:07:02]} Kg3
{[%clk 0:15:01]} 56. Rg7+ {[%clk 1:07:25]} Kh3 {[%clk 0:15:00]} 57. Kf2
{[%clk 1:07:36]} Rh8 {[%clk 0:15:09]} 58. Nef3 {[%clk 1:07:47]} 1-0

[Event "MPJ C16"]
[Site "?"]
[Date "2016.03.18"]
[Round "7.2"]
[White "Walter, Szymon"]
[Black "Grela, Kacper"]
[Result "1/2-1/2"]
[LiveChessVersion "1.4.8"]
[BlackElo "2296"]
[WhiteElo "2148"]

1. e4 {[%clk 1:30:50]} c5 {[%clk 1:30:53]} 2. Nc3 {[%clk 1:30:29]} d6
{[%clk 1:31:09]} 3. f4 {[%clk 1:30:28]} g6 {[%clk 1:30:50]} 4. Nf3
{[%clk 1:30:24]} Bg7 {[%clk 1:31:13]} 5. Bb5+ {[%clk 1:30:20]} Bd7
{[%clk 1:31:36]} 6. Bc4 {[%clk 1:29:30]} Nc6 {[%clk 1:30:21]} 7. d3 e6 8. O-O
{[%clk 1:20:49]} Nge7 {[%clk 1:30:32]} 9. Qe1 {[%clk 1:19:28]} O-O
{[%clk 1:25:35]} 10. Qh4 Nd4 11. Nxd4 {[%clk 1:12:25]} cxd4 {[%clk 1:17:08]} 12.
Ne2 {[%clk 0:55:56]} d5 {[%clk 1:10:16]} 13. exd5 {[%clk 0:52:38]} Nxd5
{[%clk 1:09:47]} 14. Qf2 {[%clk 0:22:51]} Nb4 {[%clk 0:43:36]} 15. Bb3
{[%clk 0:16:46]} Qb6 {[%clk 0:43:52]} 16. Bd2 {[%clk 0:15:08]} Rac8
{[%clk 0:42:57]} 17. Rfc1 {[%clk 0:12:14]} Bc6 {[%clk 0:39:34]} 18. Ng3
{[%clk 0:11:04]} a5 {[%clk 0:37:55]} 19. Qe1 {[%clk 0:10:05]} Rfe8
{[%clk 0:32:44]} 20. Ne4 {[%clk 0:09:33]} Bd5 {[%clk 0:30:06]} 21. Ba4
{[%clk 0:08:57]} Re7 {[%clk 0:29:41]} 22. Qh4 {[%clk 0:08:18]} Kf8
{[%clk 0:19:05]} 23. Nf6 {[%clk 0:07:37]} Bc6 {[%clk 0:14:27]} 24. Nxh7+
{[%clk 0:06:18]} Ke8 {[%clk 0:14:52]} 25. Bb3 {[%clk 0:05:37]} Qc5
{[%clk 0:13:23]} 26. Nf6+ {[%clk 0:05:24]} Kf8 {[%clk 0:12:31]} 27. Nh7+
{[%clk 0:04:42]} Ke8 {[%clk 0:12:56]} 28. Nf6+ {[%clk 0:05:03]} Kf8
{[%clk 0:11:15]} 29. Nh7+ {[%clk 0:05:28]} Ke8 {[%clk 0:11:26]} 30. Nf6+
{[%clk 0:05:52]} Kf8 1/2-1/2

[Event "MPJ C16"]
[Site "?"]
[Date "2016.03.18"]
[Round "7.4"]
[White "Karpus, Michal"]
[Black "Szustakowski, Antoni"]
[Result "1/2-1/2"]
[LiveChessVersion "1.4.8"]
[BlackElo "1957"]
[WhiteElo "2221"]

1. e4 e6 2. d4 d5 3. Nd2 c5 4. Ngf3 Nc6 5. exd5 exd5 6. Bb5 Bd6 7. dxc5 Bxc5 8.
O-O Nge7 9. Nb3 Bd6 10. Re1 O-O 11. h3 h6 12. Bd3 Nf5 13. c3 Qf6 14. Bc2 Rd8 15.
Qd3 g6 16. Bd2 Bf8 17. Rad1 Bg7 18. Bc1 a5 19. a4 b6 20. Qb5 Nce7 21. Qe2 Nc6 22.
Be3 Ba6 23. Bd3 Nxe3 24. Qxe3 Bxd3 25. Qxd3 Rd6 26. Nbd4 Nxd4 27. Nxd4 Qh4 28.
Qb5 Kh7 29. Nf3 Qh5 30. Re7 Qf5 31. Rb7 Qf6 32. Re1 Rf8 33. Ree7 Qf4 34. Rxb6
Rxb6 35. Qxb6 Rb8 36. Qxa5 Rxb2 37. Qxd5 Rb1+ 38. Re1 Rxe1+ 39. Nxe1 Bxc3 40. Nf3
Kg7 41. Qd1 Ba5 42. Qd4+ Qf6 43. Kf1 Bb6 44. Qe5 g5 45. Ke2 Kg6 46. Qxf6+ Kxf6
47. Nd2 Ke6 48. f3 h5 49. Kd3 Kd5 50. Ne4 Bd8 51. g4 hxg4 52. fxg4 Ke5 53. Ng3
Kf4 54. Nf5 Kf3 55. Kc4 Kg2 56. Kb5 Kxh3 57. Nh6 f5 58. gxf5 g4 59. Nxg4 Kxg4 60.
a5 Bxa5 1/2-1/2